| 000 | 00493nam a2200205Ia 4500 | ||
|---|---|---|---|
| 999 |
_c282 _d282 |
||
| 003 | 0100 | ||
| 008 | 130227s9999 xx 000 0 und d | ||
| 040 | _cARRUPELIB | ||
| 050 | _aDT791.M8 | ||
| 100 |
_aMunger, Edwin S. _939761 |
||
| 245 |
_aBechuanaland: _bPan-African outpost or Bantu homeland? |
||
| 260 |
_aLondon _bOxford University Press _c1965 |
||
| 300 | _aviii | ||
| 300 | _b 114p 18cm | ||
| 650 |
_aBechuanaland _xHistory _939881 |
||
| 650 |
_aBechuanaland _xEconomic conditions _939882 |
||
| 650 |
_aBechuanaland _xPolitics _939883 |
||
| 942 |
_2lcc _cMONOGRAPH |
||